LEADER 01020nam0 22002771i 450 001 UON00278779 005 20231205103828.31 100 $a20060615f18311163 |0itac50 ba 101 $aara 102 $aEG 105 $a|||| 1|||| 200 1 $aManoscritto arabo 237 205 $amanoscritto omogeneo 210 $acc. I,II, 1v-311d, IV,V 215 $a32x19 cm 606 $aDIRITTO ISLAMICO$3UONC018499$2FI 686 $aMS ARA$cManoscritti arabi$2A 712 $aMa?ba?at ?Al? Bey$3UONV262031$4650 801 $aIT$bSOL$c20240220$gRICA 899 $aSIBA - SISTEMA BIBLIOTECARIO DI ATENEO$2UONSI 912 $aUON00278779 950 $aSIBA - SISTEMA BIBLIOTECARIO DI ATENEO$dSI MS ARA 250 $eSI SA 117126 7 250 $sDeteriorato 966 $aDIRITTO MUSULMANO$zDIRITTO ISLAMICO$3UONC004500 966 $aDIRITTO - Iran - Periodo islamico$yDIRITTO ISLAMICO$3UONC005171 996 $aManoscritto arabo 237$91246522 997 $aUNIOR